000 00250nam a2200097Ia 4500
001 1196799
005 20250827021813.0
008 250824s9999 xx 000 0 und d
245 0 _aBEN HEP KAYBETTİM
_cMEHMET ALİ KILINÇ
260 _bDESTEK YAYINLARI
999 _c1196799
_d1196799